000 00605nam a22001697a 4500
008 150116b xxu||||| |||| 00| 0 eng d
050 _aSPC DT449 K86 S27
100 _aSassoon, Hamo
_914168
245 _aGuide to the ruins at Kunduchi
_c/ by Hamo Sassoon
260 _aDar es Salaam
_bMinistry of Community Development and national Culture
_c1966
300 _a23p.
_c22cm.
650 _aInscriptions, Arabic
_zTanzania
_zKanduchi
_914169
650 _aTombs
_zTanzania
_zKanduchi
_914170
650 _aKanduchi, Tanzania
_xAntiquities
_914171
650 _aTanzania
_xAntiquities
_914158
942 _2lcc
_cSPC
999 _c121746
_d121746